| 000 | 00460nam a2200169Ia 4500 | ||
|---|---|---|---|
| 003 | GCL | ||
| 008 | 140319s9999 xx 000 0 eng d | ||
| 040 |
_aGCL / _cGCL |
||
| 082 | 0 | 4 |
_a338.47664 _bR S |
| 100 | 1 | _aRIZVI, S.S.H. | |
| 245 | 1 | 0 |
_aSUPERCRITICAL FUID PRACESSING OF FOOD AND BIOMATERIALS / _cRIZVI, S.S.H. |
| 260 |
_a[S.N] : _bBLACKIE ACADEMIC & PROFESSIONAL ، _c1994 |
||
| 300 | _a257 P | ||
| 650 | 0 | 4 | _aFOOD |
| 650 | 0 | 4 | _aFLUIDS |
| 942 |
_2ddc _cBK |
||
| 999 |
_c13965 _d13965 |
||